| 000 | 00000nam 2200000za 4500 |
| 001 | 9.633402 |
| 003 | CaOODSP |
| 005 | 20210624215316 |
| 007 | cr ||||||||||| |
| 008 | 150407s2006 onc|||||o f|0| 0 fre d |
| 020 | |a0-662-72909-9 |
| 040 | |aCaOODSP|bfre |
| 043 | |an-cn--- |
| 086 | 1 |aEn81-5/1-2006F-PDF |
| 110 | 1 |aCanada. |bEnvironnement Canada. |bService de la protection de l'environnement. |
| 245 | 10|aIndicateurs canadiens de durabilité de l'environnement, 2006 / |h[ressource électronique]|c[publié conjoitement par] Environnement Canada, Statistique Canada, Santé Canada. |
| 260 | |aOttawa : |bEnvironnement Canada, |c2006. |
| 300 | |a67 p. : |bfigures en couleur, cartes en couleur, graphiques, références, tableaux, photographies. |
| 500 | |aAussi publié annuellement par Statistique Canada, numéro de catalogue (CS16-251/2006F-PDF). |
| 520 | 3 |aCe rapport annuel présente des indicateurs environnementaux relatifs à la qualité de l'eau, à la qualité de l'air et aux émissions de gaz à effet de serre. L'indicateur de la qualité de l'eau décrit la répartition de la qualité de l'eau à des endroits choisis d'un bout à l'autre du Canada. L'indicateur de la qualité de l'air rend compte des tendances nationales et régionales relatives à l'ozone de la troposphère, un élément-clé du smog, et aux particules de diamètre égal ou inférieur à 2,5 microns (P2,5). L'indicateur des émissions de gaz à effet de serre décrit les tendances quant à ces émissions et la façon dont la production d'énergie, la consommation énergétique et d'autres facteurs influencent ces tendances. Le contexte socioéconomique fournit des liens à la performance économique et au progrès social. Les indicateurs sont créés dans le but d'aider les personnes responsables à élaborer des politiques et à évaluer les résultats de celles-ci au sein du gouvernement, mais peuvent également être utiles aux Canadiens qui désirent en savoir davantage sur ces tendances dans leur environnement. |
| 590 | |a07-16|b2007-04-20 |
| 691 | 07|aIndicateurs environnementaux|2gcpds |
| 775 | 08|tCanadian environmental sustainability indicators, 2006 |w(CaOODSP)9.688982 |
| 776 | 0#|tIndicateurs canadiens de durabilité de l'environnement, 2006 / |w(CaOODSP)9.683538 |
| 794 | |tIndicateurs canadiens de durabilité de l'environnement, 2007 |w(CaOODSP)9.634636 |
| 856 | 40|ahttp://publications.gc.ca|qPDF|s776 Ko|uhttps://publications.gc.ca/collections/Collection/EN81-5-1-2006F.pdf |